Phi Trường Tiểu thuyết Tập 1

সংরক্ষণ করুন:
গ্রন্থ-পঞ্জীর বিবরন
প্রধান লেখক: Hayli Ăcthơ
অন্যান্য লেখক: Thái H (Dịch)
বিন্যাস: গ্রন্থ
ভাষা:Vietnamese
প্রকাশিত: H. Nxb. Lao động 1986
বিষয়গুলি:
ট্যাগগুলো: ট্যাগ যুক্ত করুন
কোনো ট্যাগ নেই, প্রথমজন হিসাবে ট্যাগ করুন!
Thư viện lưu trữ: Mạng thư viện Đại học Đà Nẵng
LEADER 01096nam a2200337 4500
001 000004575
003 714
005 20120413090437.0
008 110722s1986 viesd
020 |c 15.000đ 
041 0 |a vie 
082 |a 813  |b HA-A 
100 0 |a Hayli Ăcthơ 
245 1 0 |a Phi Trường  |b Tiểu thuyết  |c Thái Hà dịch  |n Tập 1 
260 |a H.  |b Nxb. Lao động  |c 1986 
300 |a 441 tr  |c 19 cm 
653 |a Văn học Mỹ 
653 |a Tiểu thuyết Mỹ 
700 |a Thái Hà  |e Dịch 
773 |d Nxb. Lao động  |d H.  |d 1986  |t Phi Trường  |w 713 
910 |a Huỳnh Thị Cẩm Lai  |d 22/07/2011 
OWN |a LSP 
AVA |a UDN50  |b LSP  |d 813 HA-A  |e unavailable  |t Error 5002 Not defined in file expand_doc_bib_avail.  |f 1  |g 1  |h N  |i 0  |k 1 
999 |a From the UDN01 
AVA |a UDN50  |b LSP  |d 813 HA-A  |e unavailable  |t Error 5002 Not defined in file expand_doc_bib_avail.  |f 1  |g 1  |h N  |i 0  |k 1 
TYP |a Monograph 
TYP |a Printed language 
980 |a Mạng thư viện Đại học Đà Nẵng